000 00384nam a2200121Ia 4500
008 151021s9999 xx 000 0 und d
050 _aHM291 .E78 1961
245 _a_Encounters two studies in the sociology of interaction Erving Goffman
260 _aIndianapolis The Bobbs Merrill company 1961
300 _a152p.
650 _a_Encounters
980 _a^d20130514 05:51:13^oanne
999 _c13288
_d13288